South Eastern Kenya University

Library Online Public Access Catalogue


Fundamentals of insurance./ theories principles and practices (Record no. 18762)

MARC details
000 -LEADER
fixed length control field 00365nam a22001457a 4500
003 - CONTROL NUMBER IDENTIFIER
control field OSt
005 - DATE AND TIME OF LATEST TRANSACTION
control field 20260217075554.0
008 - FIXED-LENGTH DATA ELEMENTS--GENERAL INFORMATION
fixed length control field 260217b |||||||| |||| 00| 0 eng d
020 ## - INTERNATIONAL STANDARD BOOK NUMBER
International Standard Book Number 9781947949676
040 ## - CATALOGING SOURCE
Original cataloging agency SEKU
050 ## - LIBRARY OF CONGRESS CALL NUMBER
Classification number HG 8051
Item number .D39
245 ## - TITLE STATEMENT
Title Fundamentals of insurance./ theories principles and practices
650 ## - SUBJECT ADDED ENTRY--TOPICAL TERM
Source of heading or term Insurance
942 ## - ADDED ENTRY ELEMENTS (KOHA)
Source of classification or shelving scheme Library of Congress Classification
Koha item type General circulation
Holdings
Withdrawn status Lost status Source of classification or shelving scheme Damaged status Not for loan Home library Current library Shelving location Date acquired Source of acquisition Total Checkouts Full call number Barcode Date last seen Price effective from Koha item type
    Library of Congress Classification     Kitui Town Campus Library Kitui Town Campus Library General Stacks 17/02/2026 Purchase   HG 8051 .D39 2026/029339 17/02/2026 17/02/2026 General circulation
Kitui, Kenya.
+254736116989
library@seku.ac.ke